LEADER 00904nam0 2200253 450 001 000017769 005 20081020114654.0 100 $a20081020d1995----km-y0itay50------ba 101 0 $aita 102 $aIT 105 $ay-------001yy 200 1 $a<>evoluzione geopolitica mondiale nel quinquennio 1990-1994$fFranco Prosperini 210 $aRoma$cRivista marittima$d1995 215 $a91 p.$cill.$d25 cm 225 2 $a<<[>>Supplemento alla Rivista marittima<<]>> 410 0$12001$a<<[>>Supplemento alla Rivista marittima<<]>> 610 1 $aPolitica internazionale$a1990-1994 676 $a327$v21$9Relazioni internazionali 700 1$aProsperini,$bFranco$4070$09413 801 0$aIT$bUNIPARTHENOPE$c20081020$gRICA$2UNIMARC 912 $a000017769 951 $aRIMAS 623/10-1995$bs.i.$cPIST$d2008 996 $aEvoluzione geopolitica mondiale nel quinquennio 1990-1994$9120176 997 $aUNIPARTHENOPE